[Event "SVG Plettenberg 1 - Bahn-SC Wuppertal 1"]
[Site "Oberliga NRW 2019/2020"]
[Date "2019.12.15"]
[Round "4.1"]
[White "Kazakov, Mikhail"]
[Black "Haub, Thorsten Michael"]
[Result "1/2-1/2"]
[WhiteElo "2510"]
[BlackElo "2391"]
[PlyCount "128"]
[EventDate "2019.??.??"]
[SourceVersionDate "2020.03.16"]
[WhiteTeam "Bahn-SC Wuppertal 1"]
[BlackTeam "SVG Plettenberg 1"]

1. e4 e6 2. d4 d5 3. Bd3 dxe4 4. Bxe4 Nd7 5. Ne2 c5 6. Nbc3 a6 7. Be3 cxd4 8.
Qxd4 Ngf6 9. O-O-O Qc7 10. Rhg1 Bc5 11. Qd2 O-O 12. g4 Qe5 13. Bf3 Bxe3 14.
fxe3 Nb6 15. Qd4 Nfd7 16. Ne4 Nd5 17. N2c3 Qxd4 18. exd4 Nxc3 19. Nxc3 Rb8 20.
Ne4 b5 21. Nd6 Rb6 22. Nxc8 Rxc8 23. g5 Rd6 24. Be4 b4 25. Rg3 Nb6 26. Bb7 Rb8
27. Bxa6 Ra8 28. Be2 Rxa2 29. Kb1 Ra5 30. Rb3 Nd5 31. c4 Nf4 32. Rxb4 Rd8 33.
Bf3 Rxg5 34. Ra4 e5 35. dxe5 Rxd1+ 36. Bxd1 Kf8 37. c5 Ne6 38. Ra8+ Ke7 39.
Ra7+ Kd8 40. b4 Nc7 41. Ra2 Rxe5 42. Rd2+ Kc8 43. Kb2 Re4 44. Kc3 f5 45. Be2 f4
46. Bc4 f3 47. Rf2 Rf4 48. b5 g5 49. b6 Kb7 50. bxc7 Kxc7 51. Bd5 g4 52. Kd3 h5
53. Be4 Rf6 54. Ke3 Ra6 55. Rb2 Ra7 56. Kf2 Ra4 57. Bg6 h4 58. Rc2 Rf4 59. Bh5
g3+ 60. hxg3 hxg3+ 61. Kxg3 f2 62. Rxf2 Rxf2 63. Kxf2 Kc6 64. Ke3 Kxc5 1/2-1/2

[Event "SVG Plettenberg 1 - Bahn-SC Wuppertal 1"]
[Site "Oberliga NRW 2019/2020"]
[Date "2019.12.15"]
[Round "4.2"]
[White "Bosch, Jeroen"]
[Black "Savchenko, Vyacheslav"]
[Result "1/2-1/2"]
[WhiteElo "2420"]
[BlackElo "2345"]
[PlyCount "33"]
[EventDate "2019.??.??"]
[SourceVersionDate "2020.03.16"]
[WhiteTeam "SVG Plettenberg 1"]
[BlackTeam "Bahn-SC Wuppertal 1"]

1. e4 e5 2. Nf3 Nf6 3. Nxe5 d6 4. Nf3 Nxe4 5. d3 Nf6 6. d4 Be7 7. Bd3 O-O 8.
O-O Bg4 9. Re1 Re8 10. Nbd2 Nbd7 11. Nf1 Bf8 12. Rxe8 Qxe8 13. Ng3 d5 14. Bf4
c5 15. c3 Qe6 16. dxc5 Bxc5 17. h3 1/2-1/2

[Event "SVG Plettenberg 1 - Bahn-SC Wuppertal 1"]
[Site "Oberliga NRW 2019/2020"]
[Date "2019.12.15"]
[Round "4.3"]
[White "Savchenko, Aleksij"]
[Black "De Schampheleire, Glen"]
[Result "0-1"]
[WhiteElo "2296"]
[BlackElo "2395"]
[PlyCount "84"]
[EventDate "2019.??.??"]
[SourceVersionDate "2020.03.16"]
[WhiteTeam "Bahn-SC Wuppertal 1"]
[BlackTeam "SVG Plettenberg 1"]

1. e4 e5 2. Nf3 Nc6 3. Bb5 Nf6 4. O-O Nxe4 5. Re1 Nd6 6. Nxe5 Be7 7. Bd3 Nxe5
8. Rxe5 O-O 9. Qh5 g6 10. Qh6 f5 11. f4 Nf7 12. Bc4 Bf6 13. Nc3 c6 14. Bxf7+
Rxf7 15. d3 d6 16. Re2 Bd7 17. Be3 d5 18. Bf2 d4 19. Na4 b6 20. b3 c5 21. Nb2
b5 22. a4 a6 23. Rae1 Bc6 24. Qh3 Raa7 25. Re6 Qd5 26. Bh4 Bxh4 27. R1e5 Qxg2+
28. Qxg2 Bxg2 29. Kxg2 Rfe7 30. Kh3 Kf7 31. Rb6 Rxe5 32. fxe5 Bd8 33. Rc6 Be7
34. Rb6 Bf8 35. axb5 axb5 36. Rxb5 Ra2 37. Nc4 Rxc2 38. Rb7+ Be7 39. Na5 Ke6
40. Nc6 Bg5 41. Rb6 Kd7 42. Kg3 Kc7 0-1

[Event "SVG Plettenberg 1 - Bahn-SC Wuppertal 1"]
[Site "Oberliga NRW 2019/2020"]
[Date "2019.12.15"]
[Round "4.4"]
[White "Browning, Alex"]
[Black "Biriukov, Nikolai"]
[Result "0-1"]
[WhiteElo "2297"]
[BlackElo "2348"]
[PlyCount "120"]
[EventDate "2019.??.??"]
[SourceVersionDate "2020.03.16"]
[WhiteTeam "SVG Plettenberg 1"]
[BlackTeam "Bahn-SC Wuppertal 1"]

1. e4 e5 2. Nf3 Nc6 3. Bb5 Nf6 4. d3 Ne7 5. O-O Ng6 6. Nc3 c6 7. Bc4 Be7 8. a4
O-O 9. Re1 d6 10. h3 h6 11. d4 Nh7 12. Bb3 Ng5 13. dxe5 dxe5 14. Nxg5 Bxg5 15.
Qh5 Bxc1 16. Raxc1 Qf6 17. g3 Be6 18. Bxe6 Qxe6 19. Rcd1 Rfd8 20. Qf5 Nf8 21.
b3 Qe7 22. Kg2 Qc5 23. Qf3 Ne6 24. Qe3 Rd4 25. Rd3 Rxd3 26. Qxd3 Rd8 27. Qe3
Qxe3 28. Rxe3 Kf8 29. Re1 Ke7 30. Rd1 Rd4 31. Re1 Rd2 32. Re2 Rd8 33. f3 Rd4
34. Kf2 Kd6 35. Ke3 Kc5 36. Re1 Rd6 37. Ne2 Kb4 38. Ra1 Nc5 39. h4 a5 40. f4
Re6 41. f5 Rd6 42. g4 f6 43. Rb1 b6 44. Rg1 Ka3 45. Rb1 Rd7 46. g5 hxg5 47.
hxg5 fxg5 48. Rg1 Kb2 49. Rg2 g4 50. Ng1 b5 51. axb5 cxb5 52. c4+ Kxb3 53. cxb5
Rd3+ 54. Ke2 a4 55. Rxg4 a3 56. Nf3 a2 57. Rg1 Kb2 58. Nxe5 Rc3 59. Kd2 Nxe4+
60. Ke2 Nc5 0-1

[Event "SVG Plettenberg 1 - Bahn-SC Wuppertal 1"]
[Site "Oberliga NRW 2019/2020"]
[Date "2019.12.15"]
[Round "4.5"]
[White "Bashilin, Roman"]
[Black "Klip, Hans"]
[Result "1/2-1/2"]
[WhiteElo "2250"]
[BlackElo "2253"]
[PlyCount "39"]
[EventDate "2019.??.??"]
[SourceVersionDate "2020.03.16"]
[WhiteTeam "Bahn-SC Wuppertal 1"]
[BlackTeam "SVG Plettenberg 1"]

1. d4 f5 2. Nf3 Nf6 3. Bf4 g6 4. e3 Bg7 5. Be2 d6 6. h3 O-O 7. c3 Qe8 8. Nbd2
Nc6 9. O-O Kh8 10. Bh2 Bd7 11. Qc2 e5 12. dxe5 dxe5 13. Bb5 Nh5 14. Nc4 e4 15.
Bxc6 Bxc6 16. Nd4 Bd5 17. Qe2 Qe7 18. Nb5 Rac8 19. Rad1 Be6 20. Nd4 1/2-1/2

[Event "SVG Plettenberg 1 - Bahn-SC Wuppertal 1"]
[Site "Oberliga NRW 2019/2020"]
[Date "2019.12.15"]
[Round "4.6"]
[White "Litwak, Aleksej"]
[Black "Savchenko, Daniel"]
[Result "1/2-1/2"]
[WhiteElo "2267"]
[BlackElo "2122"]
[PlyCount "72"]
[EventDate "2019.??.??"]
[SourceVersionDate "2020.03.16"]
[WhiteTeam "SVG Plettenberg 1"]
[BlackTeam "Bahn-SC Wuppertal 1"]

1. e4 c5 2. Nf3 e6 3. d4 cxd4 4. Nxd4 a6 5. Bd3 Qc7 6. O-O Nc6 7. Nxc6 bxc6 8.
f4 d5 9. Nd2 Nf6 10. Kh1 Be7 11. b3 e5 12. Bb2 exf4 13. Qf3 Ng4 14. exd5 cxd5
15. Bxg7 Rg8 16. Bd4 Be6 17. Bxh7 Rg5 18. h3 Ne3 19. Qxf4 Qxf4 20. Rxf4 Nxg2
21. Rf3 Nh4 22. Re3 Kd7 23. Rf1 Rh5 24. Bd3 Nf5 25. Bxf5 Bxf5 26. Rff3 Be6 27.
Kg2 Bd6 28. Nf1 Rg8+ 29. Kf2 Rhg5 30. Ke1 f5 31. Be5 Bb4+ 32. c3 Bc5 33. Bd4
Bd6 34. Be5 Bc5 35. Bd4 Bd6 36. Be5 Bc5 1/2-1/2

[Event "SVG Plettenberg 1 - Bahn-SC Wuppertal 1"]
[Site "Oberliga NRW 2019/2020"]
[Date "2019.12.15"]
[Round "4.7"]
[White "Tueckmantel, Rene"]
[Black "Schulze, Marc"]
[Result "1/2-1/2"]
[WhiteElo "2095"]
[BlackElo "2230"]
[Annotator "Daniel"]
[PlyCount "99"]
[EventDate "2019.??.??"]
[SourceVersionDate "2020.03.16"]
[WhiteTeam "Bahn-SC Wuppertal 1"]
[BlackTeam "SVG Plettenberg 1"]

1. d4 Nf6 2. Bg5 d5 3. Nd2 c5 4. Bxf6 gxf6 5. c3 cxd4 6. cxd4 Qb6 7. Qc2 Nc6 8.
e3 e5 9. Ngf3 e4 10. Nh4 f5 11. g3 Be7 12. Ng2 Be6 13. a3 Na5 14. b4 Nc4 15.
Nf4 Nxd2 16. Qxd2 a5 17. b5 Bd6 18. Nh5 O-O-O 19. Be2 Kb8 20. O-O Rc8 21. Rfc1
Rxc1+ 22. Qxc1 Rc8 23. Qd1 Rc3 24. a4 Qc7 25. Nf6 Qe7 26. Nh5 Qc7 27. Nf6 Be7
28. Nh5 Ka7 29. Rb1 b6 30. Kg2 Rc2 31. Nf4 Bb4 32. Qf1 Qc3 33. Bd1 Rd2 34. Be2
Ba3 35. Kg1 Qc2 36. Rd1 Bd6 37. Rxd2 Qxd2 38. Qd1 Qxd1+ 39. Bxd1 Bxf4 $11 40.
exf4 Kb7 41. Kg2 Kc7 42. Kh3 f6 43. Kh4 Bf7 44. Bh5 Bg6 45. h3 Kd6 46. Bd1 Ke6
47. Bb3 Bf7 48. g4 fxg4 49. hxg4 f5 50. g5 1/2-1/2

[Event "SVG Plettenberg 1 - Bahn-SC Wuppertal 1"]
[Site "Oberliga NRW 2019/2020"]
[Date "2019.12.15"]
[Round "4.8"]
[White "Pieper, Dawid"]
[Black "Patscha, Elias"]
[Result "1/2-1/2"]
[WhiteElo "2159"]
[BlackElo "2010"]
[Annotator "Daniel"]
[PlyCount "42"]
[EventDate "2019.??.??"]
[SourceVersionDate "2020.03.16"]
[WhiteTeam "SVG Plettenberg 1"]
[BlackTeam "Bahn-SC Wuppertal 1"]

1. e4 d5 2. exd5 Qxd5 3. Nc3 Qd8 4. d4 Nf6 5. Bc4 a6 6. a4 Nc6 7. d5 Nb4 8. Bg5
Bf5 9. Bb3 h6 10. Bh4 Qd7 11. Nf3 Rd8 12. Bxf6 exf6 13. O-O Be7 14. Nh4 $11 O-O
15. Nxf5 Qxf5 16. Qf3 Qxf3 17. gxf3 f5 18. Rfd1 Bf6 19. Na2 Nxa2 20. Bxa2 Rfe8
21. Re1 Kf8 1/2-1/2

[Event "Bahn-SC Wuppertal 1 - SV Letmathe 1"]
[Site "Oberliga NRW 2019/2020"]
[Date "2020.01.26"]
[Round "5.1"]
[White "Kolosowski, Mateusz"]
[Black "Kazakov, Mikhail"]
[Result "1/2-1/2"]
[WhiteElo "2477"]
[BlackElo "2510"]
[Annotator "Daniel"]
[PlyCount "96"]
[EventDate "2020.??.??"]
[SourceVersionDate "2020.03.16"]
[WhiteTeam "SV Letmathe 1"]
[BlackTeam "Bahn-SC Wuppertal 1"]

1. e4 e5 2. Nf3 Nc6 3. d4 exd4 4. Nxd4 Bc5 5. Nb3 Bb6 6. Qe2 d6 7. Be3 Nf6 8.
Nc3 Qe7 9. O-O-O Be6 10. f3 O-O-O 11. Bxb6 axb6 12. Nd4 Nxd4 $11 13. Rxd4 Nd7
14. Qe3 c6 15. Be2 b5 16. Rhd1 Nb6 17. R4d2 Qc7 18. a3 Rhe8 19. Bxb5 Bc4 20.
Ba4 f5 21. Qf4 fxe4 22. fxe4 Kb8 23. Bb3 Bxb3 24. cxb3 Nc8 25. b4 Qe7 26. b5
Qe5 27. Qf1 Re7 28. bxc6 bxc6 29. Qa6 Qc5 30. Rd4 Ra7 31. Qd3 Rb7 32. Rc4 Qb6
33. Qc2 Rf8 34. Rcd4 Qc5 35. Qd2 h6 36. h3 Rf6 37. Qe2 Nb6 38. Rb4 Rf2 39. Qd3
Rxg2 40. Kb1 Nc8 41. Na4 Qe5 42. Rxb7+ Kxb7 43. Qb3+ Kc7 44. Nc3 Qc5 45. Qf7+
Kb8 46. Qb3+ Kc7 47. Qf7+ Kb8 48. Qb3+ Kc7 1/2-1/2

[Event "Bahn-SC Wuppertal 1 - SV Letmathe 1"]
[Site "Oberliga NRW 2019/2020"]
[Date "2020.01.26"]
[Round "5.2"]
[White "Savchenko, Vyacheslav"]
[Black "Cukrowski, Filip"]
[Result "0-1"]
[WhiteElo "2345"]
[BlackElo "2425"]
[PlyCount "98"]
[EventDate "2020.??.??"]
[SourceVersionDate "2020.03.16"]
[WhiteTeam "Bahn-SC Wuppertal 1"]
[BlackTeam "SV Letmathe 1"]

1. e4 e6 2. d4 d5 3. Nd2 c5 4. exd5 Qxd5 5. Ngf3 cxd4 6. Bc4 Qd7 7. Nb3 Nc6 8.
O-O Nf6 9. Nfxd4 Nxd4 10. Qxd4 Qxd4 11. Nxd4 a6 12. Be2 e5 13. Nf3 e4 14. Nd4
Bc5 15. Nb3 Bb6 16. a4 Be6 17. a5 Ba7 18. Ra4 Rc8 19. Rb4 Rc7 20. c4 O-O 21. h3
Rd8 22. Bf4 Rcd7 23. Rc1 h6 24. Rc3 g5 25. Be5 Kg7 26. g4 Kg6 27. Kg2 Ng8 28.
f4 gxf4 29. Bxf4 Ne7 30. Be3 Nc6 31. Ra4 Bxe3 32. Rxe3 f5 33. Nc5 Re7 34. Nxe6
Rxe6 35. gxf5+ Kxf5 36. Bg4+ Kf4 37. Re2 Re5 38. b4 h5 39. Rf2+ Kg5 40. Be2 e3
41. h4+ Kg6 42. Rf4 Rd2 43. Kf3 Nd4+ 44. Rxd4 Rxd4 45. Ra3 Rxh4 46. b5 Kg5 47.
bxa6 bxa6 48. c5 Rh2 49. Ra2 h4 0-1

[Event "Bahn-SC Wuppertal 1 - SV Letmathe 1"]
[Site "Oberliga NRW 2019/2020"]
[Date "2020.01.26"]
[Round "5.3"]
[White "Soukup, Jiri"]
[Black "Savchenko, Aleksij"]
[Result "1-0"]
[WhiteElo "2351"]
[BlackElo "2296"]
[PlyCount "61"]
[EventDate "2020.??.??"]
[SourceVersionDate "2020.03.16"]
[WhiteTeam "SV Letmathe 1"]
[BlackTeam "Bahn-SC Wuppertal 1"]

1. e4 c5 2. Nf3 d6 3. d4 cxd4 4. Nxd4 Nf6 5. Nc3 g6 6. Be2 Bg7 7. Be3 O-O 8.
O-O Nc6 9. Nb3 a6 10. f4 Qc7 11. g4 e6 12. g5 Nd7 13. Qe1 Nb4 14. Qd2 Nc5 15.
Nxc5 dxc5 16. Rad1 b6 17. a3 Nc6 18. e5 Rd8 19. Qe1 Nd4 20. Bxd4 cxd4 21. Bf3
Bb7 22. Bxb7 Qxb7 23. Ne4 Rac8 24. Rf2 Qd5 25. Rfd2 Qa2 26. c3 d3 27. Nd6 Bf8
28. Nxc8 Bc5+ 29. Kg2 Rxc8 30. Qe4 Qb3 31. Qxd3 1-0

[Event "Bahn-SC Wuppertal 1 - SV Letmathe 1"]
[Site "Oberliga NRW 2019/2020"]
[Date "2020.01.26"]
[Round "5.4"]
[White "Biriukov, Nikolai"]
[Black "Schleining, Zoya"]
[Result "0-1"]
[WhiteElo "2348"]
[BlackElo "2276"]
[PlyCount "70"]
[EventDate "2020.??.??"]
[SourceVersionDate "2020.03.16"]
[WhiteTeam "Bahn-SC Wuppertal 1"]
[BlackTeam "SV Letmathe 1"]

1. e4 c5 2. c3 Nf6 3. e5 Nd5 4. d4 cxd4 5. cxd4 d6 6. a3 dxe5 7. dxe5 Nc6 8.
Nf3 Bg4 9. Be2 e6 10. O-O Be7 11. Qa4 Bh5 12. Nbd2 O-O 13. Re1 a6 14. Qe4 Bg6
15. Qg4 h5 16. Qa4 b5 17. Qd1 Nf4 18. Nb3 Qxd1 19. Bxd1 Nd3 20. Re2 Rfd8 21.
Be3 Ndxe5 22. Nxe5 Nxe5 23. Bb6 Rd5 24. Na5 Nc4 25. Nxc4 bxc4 26. Ba4 Bd3 27.
Rd2 Rb8 28. Ba7 Rb7 29. Be3 Bf6 30. Bc6 Rxb2 31. Rxb2 Bxb2 32. Ra2 Bb1 33. Bxd5
Bxa2 34. Bb7 Bxa3 35. Bxa6 c3 0-1

[Event "Bahn-SC Wuppertal 1 - SV Letmathe 1"]
[Site "Oberliga NRW 2019/2020"]
[Date "2020.01.26"]
[Round "5.5"]
[White "Gruermann, Martin"]
[Black "Bashilin, Roman"]
[Result "1-0"]
[WhiteElo "2192"]
[BlackElo "2250"]
[PlyCount "97"]
[EventDate "2020.??.??"]
[SourceVersionDate "2020.03.16"]
[WhiteTeam "SV Letmathe 1"]
[BlackTeam "Bahn-SC Wuppertal 1"]

1. e4 e6 2. d4 d5 3. Nc3 Bb4 4. Bd3 c5 5. exd5 exd5 6. dxc5 Nf6 7. Nge2 O-O 8.
O-O h6 9. Na4 b6 10. c3 Bxc5 11. Nxc5 bxc5 12. b4 Nbd7 13. Bf4 Re8 14. Re1 Qb6
15. Rb1 c4 16. Bc2 Bb7 17. Qd2 Nf8 18. Be3 Qd8 19. Bd4 Ne4 20. Qd1 Ne6 21. f3
Nd6 22. a4 Qg5 23. Ng3 Nf4 24. Rxe8+ Rxe8 25. Qf1 h5 26. Re1 Re6 27. Rxe6 fxe6
28. Bxa7 h4 29. Ne2 e5 30. Nxf4 Qxf4 31. Bc5 Nf7 32. Qe1 h3 33. Qe3 Qf6 34. g3
Ng5 35. f4 Nf7 36. fxe5 Nxe5 37. Qf4 Nf3+ 38. Kf2 Nxh2 39. Qxf6 Ng4+ 40. Kf1
gxf6 41. Bd4 Bc8 42. b5 Kf7 43. a5 Ke6 44. a6 Ne5 45. Bd1 Kf5 46. Bh5 Kg5 47.
a7 Bb7 48. Be8 Nf3 49. Bc6 1-0

[Event "Bahn-SC Wuppertal 1 - SV Letmathe 1"]
[Site "Oberliga NRW 2019/2020"]
[Date "2020.01.26"]
[Round "5.6"]
[White "Ries, Benjamin"]
[Black "Adamski, Jan"]
[Result "0-1"]
[WhiteElo "2252"]
[BlackElo "2182"]
[PlyCount "70"]
[EventDate "2020.??.??"]
[SourceVersionDate "2020.03.16"]
[WhiteTeam "Bahn-SC Wuppertal 1"]
[BlackTeam "SV Letmathe 1"]

1. d4 Nf6 2. c4 e6 3. Nc3 Bb4 4. e3 c5 5. Bd3 b6 6. Nf3 Bb7 7. O-O O-O 8. Na4
cxd4 9. a3 Be7 10. exd4 d6 11. Nc3 d5 12. cxd5 Nxd5 13. Re1 Nd7 14. Nxd5 Bxd5
15. Bf4 Bb7 16. Bc2 Rc8 17. Re3 Nf6 18. Ne5 Qd5 19. Rg3 Rfd8 20. Bh6 g6 21. Be3
Qd6 22. h4 Be4 23. Ba4 Nd5 24. Qh5 Nxe3 25. fxe3 f6 26. Rf1 Rf8 27. Rxg6+ hxg6
28. Nxg6 Kg7 29. Nxe7 Qg3 30. Qe2 Rc7 31. Rf4 Rc1+ 32. Rf1 Rxf1+ 33. Kxf1 Rf7
34. Bc6 Qxh4 35. Qf2 Bd3+ 0-1

[Event "Bahn-SC Wuppertal 1 - SV Letmathe 1"]
[Site "Oberliga NRW 2019/2020"]
[Date "2020.01.26"]
[Round "5.7"]
[White "Pfleger, Sascha"]
[Black "Savchenko, Daniel"]
[Result "0-1"]
[WhiteElo "1987"]
[BlackElo "2122"]
[PlyCount "116"]
[EventDate "2020.??.??"]
[SourceVersionDate "2020.03.16"]
[WhiteTeam "SV Letmathe 1"]
[BlackTeam "Bahn-SC Wuppertal 1"]

1. d4 d5 2. Nf3 Nf6 3. e3 e6 4. Bd3 b6 5. Nbd2 Bb7 6. O-O Nbd7 7. b3 Be7 8. Bb2
O-O 9. c4 c5 10. Rc1 Ne4 11. cxd5 exd5 12. dxc5 Ndxc5 13. Be2 Bf6 14. Nd4 a5
15. Nxe4 dxe4 16. Ba3 Rc8 17. Bg4 Rc7 18. Bxc5 Rxc5 19. Rxc5 bxc5 20. Nf5 Ba6
21. Qxd8 Rxd8 22. Rd1 Rxd1+ 23. Bxd1 Bd3 24. a4 Be5 25. Ne7+ Kf8 26. Nd5 c4 27.
bxc4 Bxc4 28. Nb6 Be6 29. Be2 Ke7 30. Bb5 Bc7 31. Nc4 Bd7 32. Kf1 Ke6 33. Ke2
Bc8 34. Bc6 Ba6 35. Bb5 Bb7 36. Kd2 Kd5 37. h3 Kc5 38. Kc3 Bd5 39. Ba6 f5 40.
Bb5 g5 41. Nd2 Be5+ 42. Kc2 Be6 43. f3 exf3 44. Nxf3 Bf6 45. Kd3 Bd5 46. Bd7
Be4+ 47. Ke2 h5 48. Nd2 Bc2 49. g4 fxg4 50. hxg4 hxg4 51. Bxg4 Kb4 52. Be6 Bxa4
53. Kf3 Bd1+ 54. Ke4 Bc3 55. Kd3 Bf6 56. Ne4 Be7 57. Kd4 Bb3 58. Ke5 a4 0-1

[Event "Bahn-SC Wuppertal 1 - SV Letmathe 1"]
[Site "Oberliga NRW 2019/2020"]
[Date "2020.01.26"]
[Round "5.8"]
[White "Tueckmantel, Rene"]
[Black "Schaar, Axel"]
[Result "1-0"]
[WhiteElo "2105"]
[BlackElo "1849"]
[PlyCount "67"]
[EventDate "2020.??.??"]
[SourceVersionDate "2020.03.16"]
[WhiteTeam "Bahn-SC Wuppertal 1"]
[BlackTeam "SV Letmathe 1"]

1. d4 f5 2. Nc3 Nf6 3. Bg5 Nc6 4. Nf3 d6 5. e3 e6 6. Bb5 Bd7 7. O-O a6 8. Be2
Be7 9. a3 O-O 10. Bc4 Kh8 11. Qe2 Qe8 12. d5 Nd8 13. dxe6 Nxe6 14. Bh4 Qg6 15.
Nd5 Rae8 16. Nxe7 Rxe7 17. Bg3 d5 18. Ba2 Bc6 19. Ne5 Qe8 20. Nxc6 Qxc6 21.
Rad1 Nc5 22. Bh4 f4 23. Bxf6 Qxf6 24. Rxd5 Qxb2 25. Qc4 b6 26. Rf5 Ree8 27.
Rxf4 Rxf4 28. exf4 Qxa3 29. Qf7 Rc8 30. Re1 h6 31. h3 Qb4 32. Re7 Qd4 33. Rxc7
Rxc7 34. Qg8# 1-0

[Event "SG Bochum 1 - SK Münster 1"]
[Site "Oberliga NRW 2019/2020"]
[Date "2020.01.26"]
[Round "5.1"]
[White "Webb, Laurence"]
[Black "Kotainy, Jens"]
[Result "0-1"]
[WhiteElo "2282"]
[BlackElo "2429"]
[PlyCount "92"]
[EventDate "2020.??.??"]
[SourceVersionDate "2020.03.16"]
[WhiteTeam "SK Münster 1"]
[BlackTeam "SG Bochum 1"]

1. d4 f5 2. c4 Nf6 3. g3 e6 4. Bg2 Be7 5. Nf3 O-O 6. O-O d6 7. Nc3 Ne4 8. Qc2
Nxc3 9. bxc3 Nc6 10. d5 Na5 11. dxe6 c5 12. Nd2 Bxe6 13. Bd5 Bxd5 14. cxd5 b5
15. Rb1 Qd7 16. Nf3 Rae8 17. Bg5 h6 18. Bxe7 Rxe7 19. e3 Re4 20. Qd3 a6 21.
Rbd1 Qe7 22. Rfe1 Ra4 23. Re2 Qe4 24. Kg2 Ra3 25. Rc2 Nc4 26. Qxe4 fxe4 27. Nd2
Nxd2 28. Rdxd2 Kf7 29. f4 exf3+ 30. Kxf3 Kf6 31. Ke4 Ra4+ 32. c4 Re8+ 33. Kf4
g5+ 34. Kf3 bxc4 35. Rc3 Kf5 36. h3 h5 37. Rf2 Ke5 38. Kg2 Kxd5 39. a3 Ke5 40.
g4 hxg4 41. hxg4 Ke4 42. Rf5 Re5 43. Rf1 Rd5 44. Rfc1 Rd2+ 45. Kg3 d5 46. Re1
Rd3 0-1

[Event "SG Bochum 1 - SK Münster 1"]
[Site "Oberliga NRW 2019/2020"]
[Date "2020.01.26"]
[Round "5.2"]
[White "Hendriks, Willy"]
[Black "Holtel, Jasper"]
[Result "1-0"]
[WhiteElo "2397"]
[BlackElo "2276"]
[PlyCount "145"]
[EventDate "2020.??.??"]
[SourceVersionDate "2020.03.16"]
[WhiteTeam "SG Bochum 1"]
[BlackTeam "SK Münster 1"]

1. d4 Nf6 2. Bg5 d5 3. Bxf6 gxf6 4. c4 dxc4 5. e3 c5 6. Bxc4 cxd4 7. exd4 Bg7
8. Nc3 O-O 9. Nge2 Nc6 10. O-O f5 11. Re1 Nxd4 12. Nxd4 Qxd4 13. Qxd4 Bxd4 14.
Rxe7 Be6 15. Bxe6 fxe6 16. Rxe6 Rac8 17. Rc1 Rc4 18. g3 Rfc8 19. Re7 b5 20.
Rce1 b4 21. Nd5 Rc2 22. R7e2 Kf7 23. Nxb4 Rxb2 24. Rxb2 Bxb2 25. Nd5 Rc5 26.
Re7+ Kg8 27. Rd7 Ra5 28. Ne7+ Kf8 29. Nc6 Rxa2 30. Nxa7 Bd4 31. Rxd4 Rxa7 32.
Rf4 Rf7 33. h3 h5 34. Rh4 Rh7 35. Rf4 Rf7 36. Kg2 Ke7 37. Kf3 Ke6 38. Rh4 Rh7
39. Kf4 Rh8 40. Kg5 Rg8+ 41. Kf4 Rh8 42. Kf3 Kf6 43. Ra4 Rb8 44. Ra6+ Kg7 45.
Kf4 Rb2 46. Kxf5 Rxf2+ 47. Kg5 Rf3 48. Rg6+ Kh7 49. Kxh5 Kh8 50. h4 Rf5+ 51.
Kh6 Rf3 52. g4 Rf4 53. Kg5 Ra4 54. Rb6 Kg7 55. Rb7+ Kh8 56. h5 Ra5+ 57. Kh4 Ra6
58. Re7 Ra4 59. h6 Rb4 60. Kh5 Rb5+ 61. g5 Ra5 62. Kg6 Ra6+ 63. Kf5 Ra5+ 64.
Kf6 Ra6+ 65. Re6 Ra8 66. g6 Rf8+ 67. Ke5 Ra8 68. Rd6 Re8+ 69. Kf6 Kg8 70. Rd1
Kh8 71. Kf7 Rg8 72. g7+ Kh7 73. Rg1 1-0

[Event "SG Bochum 1 - SK Münster 1"]
[Site "Oberliga NRW 2019/2020"]
[Date "2020.01.26"]
[Round "5.3"]
[White "Wolter, Kai"]
[Black "Tkachuk, Konstantyn"]
[Result "1-0"]
[WhiteElo "2297"]
[BlackElo "2297"]
[Annotator "Daniel"]
[PlyCount "59"]
[EventDate "2020.??.??"]
[SourceVersionDate "2020.03.16"]
[WhiteTeam "SK Münster 1"]
[BlackTeam "SG Bochum 1"]

1. e4 e5 2. Nf3 Nc6 3. Bc4 Nf6 4. d3 Bc5 5. O-O O-O 6. Nbd2 d5 7. exd5 Nxd5 8.
Re1 Bg4 9. h3 Bh5 10. Ne4 Bb6 11. Ng3 Bxf3 12. Qxf3 Ndb4 13. Qd1 Qd7 14. c3 Nd5
15. Qf3 Rad8 $11 16. Nf5 Kh8 17. Nxg7 Kxg7 18. Bxd5 Qxd5 19. Bh6+ Kg6 20. Qxd5
Rxd5 21. Bxf8 Rd8 22. Ba3 Rxd3 23. Rad1 e4 24. Rxd3 exd3 25. b3 Kf5 26. Bc1 Ne5
27. g4+ Ke6 28. Kg2 Kd5 29. c4+ Kd6 30. Rd1 1-0

[Event "SG Bochum 1 - SK Münster 1"]
[Site "Oberliga NRW 2019/2020"]
[Date "2020.01.26"]
[Round "5.4"]
[White "Schlawin, Marlon"]
[Black "Muschik, Benedikt"]
[Result "1/2-1/2"]
[WhiteElo "2274"]
[BlackElo "2265"]
[PlyCount "42"]
[EventDate "2020.??.??"]
[SourceVersionDate "2020.03.16"]
[WhiteTeam "SG Bochum 1"]
[BlackTeam "SK Münster 1"]

1. e4 g6 2. d4 Bg7 3. Nc3 d5 4. exd5 Nf6 5. Bc4 Nbd7 6. Nf3 Nb6 7. Bb3 a5 8. a3
a4 9. Ba2 Nbxd5 10. Nxd5 Nxd5 11. c4 Nf6 12. Bf4 Bg4 13. Be5 c5 14. d5 O-O 15.
h3 Bxf3 16. Qxf3 Ne8 17. Bxg7 Kxg7 18. O-O Nd6 19. Bb1 Qa5 20. Bd3 b5 21. Qf4
bxc4 1/2-1/2

[Event "SG Bochum 1 - SK Münster 1"]
[Site "Oberliga NRW 2019/2020"]
[Date "2020.01.26"]
[Round "5.5"]
[White "Kamp, Christoph"]
[Black "Hengelbrock, Joachim"]
[Result "1/2-1/2"]
[WhiteElo "2231"]
[BlackElo "2271"]
[Annotator "Daniel"]
[PlyCount "62"]
[EventDate "2020.??.??"]
[SourceVersionDate "2020.03.16"]
[WhiteTeam "SK Münster 1"]
[BlackTeam "SG Bochum 1"]

1. c4 Nf6 2. Nc3 e5 3. Nf3 Nc6 4. e3 d6 5. d4 g6 6. dxe5 Nxe5 7. Be2 Bg7 8. O-O
O-O $11 9. Nd4 a6 10. e4 Re8 11. f4 Ned7 12. Bf3 Nc5 13. Re1 c6 14. Nb3 Nxb3
15. axb3 Qc7 16. Be3 h5 17. h3 Be6 18. Qc2 Rad8 19. Qf2 Rd7 20. Bb6 Qc8 21. Bd4
c5 22. Be3 Rde7 23. Qd2 Rd8 24. Bf2 Ree8 25. Kh2 Qb8 26. Qd3 Bd7 27. Bg3 Bc6
28. Rad1 b5 29. Nd5 Nxd5 30. cxd5 Bd7 31. Re2 c4 1/2-1/2

[Event "SG Bochum 1 - SK Münster 1"]
[Site "Oberliga NRW 2019/2020"]
[Date "2020.01.26"]
[Round "5.6"]
[White "Tkachuk, Sergij"]
[Black "Chilla, Jan Eric"]
[Result "1/2-1/2"]
[WhiteElo "2188"]
[BlackElo "2202"]
[PlyCount "69"]
[EventDate "2020.??.??"]
[SourceVersionDate "2020.03.16"]
[WhiteTeam "SG Bochum 1"]
[BlackTeam "SK Münster 1"]

1. e4 e5 2. Nf3 Nc6 3. Bc4 Bc5 4. c3 Nf6 5. d3 a6 6. b4 Ba7 7. Qe2 h6 8. Na3
O-O 9. Nc2 d5 10. Bb3 Re8 11. O-O Be6 12. c4 dxc4 13. dxc4 Bg4 14. Re1 Nd4 15.
Ncxd4 Bxd4 16. Rb1 Qe7 17. Bd2 Nh7 18. h3 Bxf3 19. Qxf3 c5 20. b5 Nf8 21. a4 a5
22. g3 b6 23. Kg2 Rad8 24. Qe2 Ne6 25. Red1 Rd6 26. h4 Red8 27. Bc2 Qd7 28. Bc1
Qe7 29. Rb3 R8d7 30. Rbd3 Qd8 31. Bb1 Ba1 32. Rd5 Nc7 33. Rxd6 Rxd6 34. Rxd6
Qxd6 35. Qd3 1/2-1/2

[Event "SG Bochum 1 - SK Münster 1"]
[Site "Oberliga NRW 2019/2020"]
[Date "2020.01.26"]
[Round "5.7"]
[White "Rott, Georg"]
[Black "Werthebach, Felix"]
[Result "1-0"]
[WhiteElo "2072"]
[BlackElo "2166"]
[PlyCount "67"]
[EventDate "2020.??.??"]
[SourceVersionDate "2020.03.16"]
[WhiteTeam "SK Münster 1"]
[BlackTeam "SG Bochum 1"]

1. e4 c5 2. Nf3 e6 3. c3 Nf6 4. e5 Nd5 5. d4 cxd4 6. cxd4 d6 7. a3 Nc6 8. Bd3
Be7 9. O-O O-O 10. Re1 Qb6 11. Be4 dxe5 12. dxe5 Rd8 13. Qc2 h6 14. Nbd2 Bd7
15. Nc4 Qc7 16. Ne3 Nxe3 17. Rxe3 Rac8 18. Rc3 Qb8 19. Qe2 Bf8 20. Bd2 Ne7 21.
Re1 Rxc3 22. Bxc3 Bc6 23. Bb1 g6 24. h4 h5 25. Ng5 Bg7 26. g4 Nd5 27. Bd2 hxg4
28. Qxg4 Ne7 29. Bc3 Qc8 30. h5 Nf5 31. Nxf7 Kxf7 32. Qxg6+ Kg8 33. Bxf5 exf5
34. e6 1-0